000 00513cam a22001932 4500
001 0000000022
005 20151217161125.0
008 070108s xx 000 0 eng d
020 _a0716600927 :
040 _aKABU
_cKABU
245 1 4 _aThe World book encyclopedia.
260 _aChicago :
_bWorld Book,
_c1992.
300 _a v.
500 _aLibrary has v. 3.
650 0 _aEncyclopedias.
_@0000147990
908 _a070108
950 _@1
999 _c14813
_d14813